00988nam a2200229 a 450000100080000000500110000800800410001910000200006024501320008026001600021252002150037265000100058770000220059770000190061970000170063870000190065570000160067470000180069070000160070870000170072470000170074119643912014-11-20 2013 bl uuuu u00u1 u #d1 aOLIVEIRA, K. B. aAspectos biológicos de Spodoptera eridania (LepidopterabNoctuidae) desenvolvida em milho Bt e não Bt.h[electronic resource] aIn: JORNADA ACADÊMICA DA EMBRAPA SOJA, 8., 2013, Londrina. Resumos expandidos... Londrina: Embrapa Soja, 2013. p. 119-124. (Embrapa Soja. Documentosc2013 aO objetivo desse estudo foi avaliar os aspectos biológicos de S. eridania desenvolvida em milho Bt e não Bt, para que possa ser possível indicar um manejo apropriado para a regulação populacional da praga. aMilho1 aBORTOLOTTO, O. C.1 aQUEIROZ, A. P.1 aSILVA, G. V.1 aBARBOSA, G. C.1 aCRUZ, S. Y.1 aPOMARI, A. F.1 aSANZOVO, A.1 aBUENO, A. F.1 aSILVA, M. E.